Nombres españoles más frecuentes por letra - M - Estadísticas

Estadísticas generales
  • Esta prueba ha sido intentada 50 veces
  • La puntuación promedio es 13 de 30
Estadísticas de respuestas
# Nombre % Correcto
543 083 María
98%
230 734 Miguel
83%
525 628 Manuel
81%
76 001 Marc
81%
30 125 Marco
79%
112 534 Mario
77%
99 544 Marcos
72%
79 496 Martín
72%
229 080 Marta
70%
71 107 Martina
53%
99 167 Marina
45%
103 427 Mónica
45%
64 208 Miriam
40%
30 167 Magdalena
38%
132 788 Manuela
38%
54 981 Mateo
36%
120 557 Mercedes
34%
23 370 Mariana
32%
38 416 Mariano
32%
18 598 Matías
26%
31 361 Mireia
23%
24 425 Mikel
17%
19 078 Miquel
13%
22 785 Moisés
13%
103 244 Montserrat
13%
80 835 Margarita
11%
38 509 Milagros
11%
85 553 Mohamed
11%
37 933 Mohammed
11%
28 108 Matilde
6%
No se encontraron pruebas coincidentes
Distribución de puntuación
Porcentaje de gente con cada puntuación
Porcentaje por número respondido
Historial de tus puntuaciones
No has intentado esta prueba.